| 000 -LEADER |
| fixed length control field |
00566nam a22001577a 4500 |
| 008 - FIXED-LENGTH DATA ELEMENTS--GENERAL INFORMATION |
| fixed length control field |
200215b ||||| |||| 00| 0 eng d |
| 082 00 - DEWEY DECIMAL CLASSIFICATION NUMBER |
| Classification number |
621.38 |
| Item number |
U843 |
| 110 ## - MAIN ENTRY--CORPORATE NAME |
| 9 (RLIN) |
1773 |
| Corporate name or jurisdiction name as entry element |
United States Coast Guard Treasury Department. |
| 245 10 - TITLE STATEMENT |
| Title |
Electronic navigational aids; loran, radiobeacon, and radarbeacon systems and loran, radio-direction-finder, and radar ship equipment |
| 250 ## - EDITION STATEMENT |
| Edition statement |
1st |
| 260 ## - PUBLICATION, DISTRIBUTION, ETC. (IMPRINT) |
| Place of publication, distribution, etc |
United States |
| Name of publisher, distributor, etc |
Govt. Printing Office |
| Date of publication, distribution, etc |
1949 |
| 300 ## - PHYSICAL DESCRIPTION |
| Extent |
73p. |
| 365 ## - TRADE PRICE |
| Unit of pricing |
2.08 |
| 650 #0 - SUBJECT ADDED ENTRY--TOPICAL TERM |
| Topical term or geographic name as entry element |
Radar |
| 942 ## - ADDED ENTRY ELEMENTS (KOHA) |
| Item type |
Books |